Diario de un embarazo feliz / (Registro nro. 23588)
[ vista simple ]
| 000 -CABECERA | |
|---|---|
| campo de control de longitud fija | 00594nam a2200193 a 4500 |
| 001 - NÚMERO DE CONTROL | |
| campo de control | 000024093 |
| 005 - FECHA Y HORA DE LA ÚLTIMA TRANSACCIÓN | |
| campo de control | 20200930022719.0 |
| 008 - DATOS DE LONGITUD FIJA--INFORMACIÓN GENERAL | |
| campo de control de longitud fija | 110118s1998 ve a r 000 0 spa d |
| 020 ## - NÚMERO INTERNACIONAL ESTÁNDAR DEL LIBRO | |
| Número Internacional Estándar del Libro | 9802900354 |
| 040 ## - FUENTE DE LA CATALOGACIÓN | |
| Centro catalogador/agencia de origen | DO-SdBNP |
| Lengua de catalogación | spa |
| Centro/agencia transcriptor | BNPHU |
| 082 ## - NÚMERO DE LA CLASIFICACIÓN DECIMAL DEWEY | |
| Número de clasificación | nnnn |
| Número de documento/Ítem | B663d, 1998 |
| 049 ## - FONDOS LOCALES (OCLC) | |
| Fondos de biblioteca | BNGR |
| 100 1# - ENTRADA PRINCIPAL--NOMBRE DE PERSONA | |
| Nombre de persona | Bobadilla, Gabriela, |
| 9 (RLIN) | 49493 |
| 245 10 - MENCIÓN DE TÍTULO | |
| Título | Diario de un embarazo feliz / |
| Mención de responsabilidad, etc. | Gabriela Bobadilla. |
| 250 ## - MENCIÓN DE EDICIÓN | |
| Mención de edición | 9a ed. |
| 260 ## - PUBLICACIÓN, DISTRIBUCIÓN, ETC. | |
| Lugar de publicación, distribución, etc. | Caracas, Venezuela : |
| Nombre del editor, distribuidor, etc. | Urania, |
| Fecha de publicación, distribución, etc. | 1998. |
| 300 ## - DESCRIPCIÓN FÍSICA | |
| Extensión | 327, [8] p. : |
| Otras características físicas | il. ; |
| Dimensiones | 23 cm. |
| 504 ## - NOTA DE BIBLIOGRAFÍA, ETC. | |
| Nota de bibliografía, etc. | Incluye referencias bibliográficas y notas al pie de las páginas. |
| Estado de retiro | Estado de pérdida | Restricciones de uso | No para préstamo | Código de colección | Localización permanente | Ubicación/localización actual | Ubicación en estantería | Fecha de adquisición | Número de inventario | Total de préstamos | Signatura topográfica completa | Código de barras | Fecha visto por última vez | Precio válido a partir de | Tipo de ítem Koha | Número de copia |
|---|---|---|---|---|---|---|---|---|---|---|---|---|---|---|---|---|
| Préstamo interno | Monografías: Libros y Folletos | General | General | En catalogación | 18.01.2011 | LF1 | nnnn B663d, 1998 | 24093-10 | 25.06.2020 | 25.06.2020 | Préstamo interno | |||||
| Préstamo interno | Préstamo restrigido | Monografías: Libros y Folletos | General | General | En catalogación | 18.01.2011 | LF1 | nnnn B663d, 1998 | 24093-20 | 25.06.2020 | 25.06.2020 | Préstamo interno | e. 2 |
